Statistiken für Länder mit den meisten Touristen Quiz

Klicken Sie hier um das Quiz zu spielen!

Allgemein

  • Dieses Quiz wurde 5.414 mal gespielt
  • Das Durchschnittsergebnis liegt bei 19 aus 24

Antwortstatistiken

# AnkünfteLand% Korrekt
75.6 Mio.Vereinigte Staaten
99%
82.6 Mio.Frankreich
98%
75.6 Mio.Spanien
98%
35.6 Mio.Deutschland
98%
59.3 Mio.China
97%
52.4 Mio.Italien
97%
24.0 Mio.Japan
94%
24.6 Mio.Russland
93%
20.0 Mio.Kanada
92%
35.0 Mio.Mexiko
88%
35.8 Mio.Vereinigtes Königreich
87%
14.6 Mio.Indien
86%
≈ 30 Mio.Türkei
82%
24.8 Mio.Griechenland
80%
32.6 Mio.Thailand
79%
28.1 Mio.Österreich
78%
17.5 Mio.Polen
68%
15.8 Mio.Niederlande
66%
17.2 Mio.Südkorea
64%
13.8 Mio.Kroatien
58%
18.0 Mio.Saudi-Arabien
46%
14.9 Mio.Vereinigte Arabische
Emirate
45%
26.8 Mio.Malaysia
39%
15.3 Mio.Ungarn
34%

Verteilung der Resultate

Perzentil nach korrekt beantworteten Fragen

Anzahl Personen mit jedem Resultat

Ihre Resultats-Entwicklung

Sie haben dieses Quiz noch nicht gespielt